000 00559nab a2200193 a 4500
005 20210219162005.0
008 991125s1985 mx 000 0 spa u
035 _aUPN01000195803
100 1 _aVázquez León, Luis
222 _aALTERIDADES
245 _aÁngel Palerm y la institucionalización de la antropología social en México
260 _aMéxico
300 _a167-184
362 0 _a1998 Año 8, no. 15
653 0 _aANTROPOLOGIA SOCIAL
653 0 _aIDENTIDAD PROFESIONAL
653 0 _aPALERM VICH, ANGEL, 1917-1980
905 _aArticulo
999 _c167904
_d167904